[Event "Ruhrgebiet Verbandsliga2 1112"]
[Site "Nordrheinwestfalen"]
[Date "2011.09.18"]
[Round "1.1"]
[White "Loyen, Egbert"]
[Black "Rottstaedt, Werner"]
[Result "1-0"]
[WhiteElo "2129"]
[BlackElo "2097"]
[PlyCount "77"]
[EventDate "2011.09.18"]
[EventType "team-tourn"]
[EventRounds "9"]
[EventCountry "GER"]
[SourceTitle "EXT 2020"]
[Source "ChessBase"]
[SourceDate "2019.10.17"]
[SourceVersion "1"]
[SourceVersionDate "2019.10.17"]
[SourceQuality "1"]
[WhiteTeam "Weisse Dame Borbeck"]
[BlackTeam "Muelheim SC"]
[WhiteTeamCountry "GER"]
[BlackTeamCountry "GER"]

1. Nf3 f5 2. d3 Nc6 3. d4 e6 4. Bf4 Nf6 5. e3 Be7 6. h3 0-0 7. c4 b6 8. Nc3 Bb7 9. Be2 Bb4 10. 0-0 Bxc3 11. bxc3 Ne4 12. Rc1 Ne7 13. Qb3 Qc8 14. Rfd1 d6 15. Nd2 Nf6 16. Qa3 Ng6 17. Bh2 Nd7 18. Nb3 Nh4 19. Bf1 a5 20. Qa4 Qe8 21. c5 Nf6 22. Qxe8 Nxe8 23. cxb6 cxb6 24. Nd2 Bd5 25. c4 Bc6 26. Rb1 Rb8 27. c5 b5 28. Nc4 d5 29. Bxb8 dxc4 30. a4 c3 31. axb5 c2 32. bxc6 cxd1Q 33. Rxd1 Ng6 34. Bd6 Rf7 35. Bc4 Nf8 36. Rb1 Ra7 37. Rb8 Kf7 38. Rb7+ Rxb7 39. cxb7 1-0

[Event "Ruhrgebiet Verbandsliga1 1011"]
[Site "Nordrheinwestfalen"]
[Date "2010.10.24"]
[Round "2.2"]
[White "Rottstaedt, Werner"]
[Black "Skolarski, Hans Georg"]
[Result "1/2-1/2"]
[WhiteElo "2097"]
[BlackElo "2122"]
[PlyCount "34"]
[EventDate "2011.09.12"]
[EventType "team-tourn"]
[EventRounds "9"]
[EventCountry "GER"]
[SourceTitle "EXT 2020"]
[Source "ChessBase"]
[SourceDate "2019.10.17"]
[SourceVersion "1"]
[SourceVersionDate "2019.10.17"]
[SourceQuality "1"]
[WhiteTeam "Muelheim SC"]
[BlackTeam "Bottrop SV"]
[WhiteTeamCountry "GER"]
[BlackTeamCountry "GER"]

1. d4 Nf6 2. g3 g6 3. Bg2 Bg7 4. c4 0-0 5. Nc3 d6 6. Nf3 Nbd7 7. 0-0 e5 8. dxe5 dxe5 9. e4 c6 10. Qc2 Qe7 11. h3 Ne8 12. a4 a5 13. b3 Nc7 14. Ba3 Nc5 15. b4 axb4 16. Bxb4 N7a6 17. Ba3 Be6 1/2-1/2

[Event "Ruhrgebiet VK2 0910"]
[Site "Ruhrgebiet"]
[Date "2010.03.21"]
[Round "8.2"]
[White "Schlueter, Christoph"]
[Black "Rottstaedt, Werner"]
[Result "1/2-1/2"]
[WhiteElo "1999"]
[BlackElo "2232"]
[PlyCount "59"]
[EventDate "2009.09.06"]
[EventType "team"]
[EventRounds "9"]
[EventCountry "GER"]
[SourceTitle "EXT 2011"]
[Source "ChessBase"]
[SourceDate "2010.11.26"]
[SourceVersion "1"]
[SourceVersionDate "2010.11.26"]
[SourceQuality "1"]
[WhiteTeam "Kirchhellen SF"]
[BlackTeam "Muelheim"]
[WhiteTeamCountry "GER"]
[BlackTeamCountry "GER"]

1. e4 b6 2. d4 e6 3. Bd3 Bb7 4. Nf3 c5 5. c3 cxd4 6. cxd4 Nf6 7. Qe2 d5 8. e5 Nfd7 9. Nc3 a6 10. Bg5 Be7 11. h4 h6 12. Bf4 b5 13. g4 Nb6 14. b3 Nc6 15. Rd1 Rc8 16. Bd2 Nb4 17. Bb1 Nc6 18. Qe3 b4 19. Ne2 Na7 20. Kf1 Nb5 21. Kg2 Nd7 22. g5 Nf8 23. Rc1 Rxc1 24. Bxc1 hxg5 25. hxg5 Rxh1 26. Kxh1 Qc7 27. Bd2 a5 28. Bd3 Ba6 29. Nf4 Qc6 30. Qe2 1/2-1/2

[Event "Ruhrgebiet VK2 0910"]
[Site "Ruhrgebiet"]
[Date "2010.01.10"]
[Round "5.2"]
[White "Cavasin, Joerg"]
[Black "Rottstaedt, Werner"]
[Result "0-1"]
[WhiteElo "1941"]
[BlackElo "2232"]
[PlyCount "70"]
[EventDate "2009.09.06"]
[EventType "team"]
[EventRounds "9"]
[EventCountry "GER"]
[SourceTitle "EXT 2011"]
[Source "ChessBase"]
[SourceDate "2010.11.26"]
[SourceVersion "1"]
[SourceVersionDate "2010.11.26"]
[SourceQuality "1"]
[WhiteTeam "Altenessen"]
[BlackTeam "Muelheim"]
[WhiteTeamCountry "GER"]
[BlackTeamCountry "GER"]

1. c4 e5 2. Nc3 f5 3. g3 Nf6 4. Bg2 Be7 5. e3 0-0 6. Nge2 c6 7. d4 d6 8. Qb3 Kh8 9. 0-0 Nbd7 10. a4 a5 11. Qc2 Nb8 12. Bd2 Na6 13. Na2 e4 14. b4 axb4 15. Nxb4 d5 16. Nxa6 Rxa6 17. c5 Qe8 18. Rfb1 Bd8 19. Qd1 g5 20. Rb2 Bc7 21. h3 Qg6 22. Kh1 Qh6 23. Kg1 Ra7 24. Rab1 Nh5 25. Bf1 f4 26. exf4 gxf4 27. g4 Qg6 28. Nc3 Nf6 29. f3 h5 30. Be1 exf3 31. Qxf3 hxg4 32. hxg4 Bxg4 33. Qh1+ Kg8 34. Rxb7 Rxb7 35. Rxb7 Bc8+ 0-1

[Event "Ruhrgebiet VL1 0708"]
[Site "Germany"]
[Date "2008.04.27"]
[Round "9.2"]
[White "Rottstaedt, Werner"]
[Black "Zemella, Christian"]
[Result "1-0"]
[WhiteElo "2232"]
[BlackElo "2071"]
[PlyCount "107"]
[EventDate "2007.09.02"]
[EventType "team-tourn"]
[EventRounds "9"]
[EventCountry "GER"]
[SourceTitle "EXT 2009"]
[Source "ChessBase"]
[SourceDate "2008.11.26"]
[SourceVersion "1"]
[SourceVersionDate "2008.11.26"]
[SourceQuality "1"]
[WhiteTeam "Heissen Stadtgr"]
[BlackTeam "Dortmund Brackel II"]
[WhiteTeamCountry "GER"]
[BlackTeamCountry "GER"]

1. d4 Nf6 2. Nf3 c5 3. e3 e6 4. Be2 d5 5. 0-0 Nc6 6. a3 a6 7. b3 Bd6 8. Bb2 0-0 9. c4 cxd4 10. exd4 Ne4 11. Nc3 f5 12. cxd5 Nxc3 13. Bxc3 exd5 14. b4 Qf6 15. Ne5 f4 16. Bf3 Be6 17. Re1 Rad8 18. Rc1 Bxe5 19. dxe5 Qg5 20. Bb2 Rf5 21. Bg4 f3 22. Bxf3 d4 23. Rxc6 bxc6 24. Bc1 Qe7 25. Bxc6 Qc7 26. Be4 Rf7 27. Qh5 g6 28. Bxg6 Rg7 29. Bxh7+ Rxh7 30. Qg6+ Rg7 31. Qxe6+ Kh8 32. Qf6 Kg8 33. Bh6 Rh7 34. Qg6+ Kh8 35. Bg5 Rf8 36. Bf6+ Rxf6 37. Qxf6+ Kg8 38. Qe6+ Rf7 39. Qg6+ Rg7 40. Qe8+ Kh7 41. g3 d3 42. Re4 Qc1+ 43. Kg2 Qg5 44. Rd4 d2 45. h4 Qf5 46. Rxd2 a5 47. bxa5 Qe4+ 48. Kh2 Qg4 49. Qf8 Qg6 50. Qf6 Qg4 51. Qf4 Qg6 52. Rd6 Qe8 53. Qh6+ Kg8 54. Qe6+ 1-0

[Event "Ruhrgebiet VL1 0708"]
[Site "Germany"]
[Date "2007.11.18"]
[Round "3.2"]
[White "Rottstaedt, Werner"]
[Black "Niermann, Michael"]
[Result "0-1"]
[WhiteElo "2129"]
[BlackElo "2135"]
[PlyCount "106"]
[EventDate "2007.09.02"]
[EventType "team-tourn"]
[EventRounds "9"]
[EventCountry "GER"]
[SourceTitle "EXT 2009"]
[Source "ChessBase"]
[SourceDate "2008.11.26"]
[SourceVersion "1"]
[SourceVersionDate "2008.11.26"]
[SourceQuality "1"]
[WhiteTeam "Heissen Stadtgr"]
[BlackTeam "Bochum 31 III"]
[WhiteTeamCountry "GER"]
[BlackTeamCountry "GER"]

1. b4 e5 2. Bb2 d6 3. e3 Nf6 4. c4 Nbd7 5. d4 Qe7 6. Nf3 g6 7. Nc3 c6 8. Be2 Bg7 9. 0-0 0-0 10. a4 e4 11. Nd2 h5 12. a5 Re8 13. Ba3 Nf8 14. Rc1 Bg4 15. Bxg4 hxg4 16. b5 Rac8 17. a6 bxa6 18. bxa6 N8h7 19. Rb1 Rc7 20. Kh1 Ng5 21. Qa4 Qd7 22. Qa5 c5 23. Nb5 Rc6 24. Rfe1 cxd4 25. Nxd4 Re5 26. Rb5 Rc8 27. Bxd6 Rxb5 28. Nxb5 Qf5 29. Bg3 Nh5 30. Qb4 Nxg3+ 31. fxg3 Bf8 32. Qb1 Bc5 33. Rf1 Qe6 34. Qb3 Qxa6 35. Nc3 Bxe3 36. Ncxe4 Nxe4 37. Nxe4 Qxc4 38. Nf6+ Kg7 39. Ne8+ Kf8 40. Qxc4 Rxc4 41. Nd6 Rc1 42. Rxc1 Bxc1 43. Kg1 Ke7 44. Nc4 Ke6 45. Kf1 Kd5 46. Na5 Bd2 47. Nb7 Bb4 48. Ke2 a5 49. Kd3 a4 50. Nd8 f5 51. Nf7 Be7 52. Nh8 a3 53. Kc2 a2 0-1

[Event "Ruhrgebiet VL1 0708"]
[Site "Germany"]
[Date "2007.09.16"]
[Round "1.2"]
[White "Rottstaedt, Werner"]
[Black "Dergatschova, Anna"]
[Result "0-1"]
[WhiteElo "2232"]
[BlackElo "2239"]
[PlyCount "114"]
[EventDate "2007.09.02"]
[EventType "team-tourn"]
[EventRounds "9"]
[EventCountry "GER"]
[SourceTitle "EXT 2009"]
[Source "ChessBase"]
[SourceDate "2008.11.26"]
[SourceVersion "1"]
[SourceVersionDate "2008.11.26"]
[SourceQuality "1"]
[WhiteTeam "Heissen Stadtgr"]
[BlackTeam "Holsterhausen "]
[WhiteTeamCountry "GER"]
[BlackTeamCountry "GER"]

1. d4 d5 2. c3 Nc6 3. Nf3 Bg4 4. Bf4 f6 5. Nbd2 Qd7 6. Qa4 e6 7. h3 Bh5 8. e3 Bd6 9. Bxd6 cxd6 10. Be2 Bf7 11. 0-0 Nge7 12. b4 0-0 13. b5 Nd8 14. c4 b6 15. Rfc1 Nb7 16. cxd5 Nxd5 17. e4 Nf4 18. Bf1 d5 19. e5 Be8 20. Qa3 Ng6 21. exf6 gxf6 22. Re1 Nd6 23. Qe3 Bf7 24. a4 Nf5 25. Qa3 Rac8 26. Rac1 Rxc1 27. Rxc1 e5 28. Qc3 e4 29. Nh2 h5 30. Nb3 Qd6 31. Qc6 Qf4 32. Qc7 Qg5 33. Rc3 Nf4 34. g3 Ne6 35. h4 Nxh4 36. Qd7 Rd8 37. Qxa7 Nf5 38. Qxb6 e3 39. Be2 Re8 40. Nf1 Nf4 41. Nc1 Nh3+ 42. Kg2 Nxf2 43. Qc7 Ne4 44. Rd3 Nexg3 45. Nxg3 h4 46. Rd1 Nxg3 47. Kh2 Qf5 48. Rg1 Rc8 49. Rxg3+ hxg3+ 50. Qxg3+ Qg5 51. b6 Be8 52. Bg4 Rxc1 53. b7 e2 54. Be6+ Kg7 55. Qxg5+ fxg5 56. b8Q e1Q 57. Qb7+ Kf6 0-1

[Event "NRW Class1 0304"]
[Site "Germany"]
[Date "2003.12.07"]
[Round "4.7"]
[White "Rottstaedt, Werner"]
[Black "Marcks, Martin"]
[Result "0-1"]
[WhiteElo "2269"]
[BlackElo "2222"]
[PlyCount "90"]
[EventDate "2003.09.28"]
[EventType "team-tourn"]
[EventRounds "9"]
[EventCountry "GER"]
[SourceTitle "CBM 098 Extra"]
[Source "ChessBase"]
[SourceDate "2004.03.10"]
[SourceVersion "2"]
[SourceVersionDate "2004.03.10"]
[SourceQuality "1"]
[WhiteTeam "Katernberg II"]
[BlackTeam "Koeln Brueck"]
[WhiteTeamCountry "GER"]
[BlackTeamCountry "GER"]

1. d4 Nf6 2. Nf3 d6 3. Bf4 c6 4. c3 Qb6 5. Qc1 Bf5 6. Nbd2 Nbd7 7. h3 h6 8. e3 g5 9. Bh2 Ne4 10. Be2 Rg8 11. a4 h5 12. a5 Qd8 13. a6 b6 14. 0-0 Ndf6 15. Nxe4 Nxe4 16. Qd1 Qd7 17. d5 c5 18. Qa4 Qxa4 19. Rxa4 Nf6 20. Nd2 Bd7 21. Ra3 Nxd5 22. Bxh5 g4 23. Bxg4 Bxg4 24. hxg4 Rxg4 25. e4 Nc7 26. f3 Rg6 27. Bf4 Bg7 28. Be3 Kd7 29. f4 Rg8 30. Rf2 Bh6 31. Nf1 Kc6 32. g3 Rxg3+ 33. Nxg3 Rxg3+ 34. Kf1 Rxe3 35. e5 Re4 36. exd6 exd6 37. f5 Rf4 38. Rxf4 Bxf4 39. Ra1 Kb5 40. Ke2 Be5 41. Kd3 c4+ 42. Kd2 f6 43. Ra3 Kc5 44. Ra1 b5 45. Kc2 Kb6 0-1

[Event "Oberliga NRW 0203 II"]
[Site "Germany"]
[Date "2003.01.19"]
[Round "5.8"]
[White "Rottstaedt, Werner"]
[Black "Partenheimer, Axel"]
[Result "1/2-1/2"]
[WhiteElo "2260"]
[BlackElo "2208"]
[PlyCount "32"]
[EventDate "2002.10.06"]
[EventType "team-tourn"]
[EventRounds "9"]
[EventCountry "GER"]
[SourceTitle "EXT 2004"]
[Source "ChessBase"]
[SourceDate "2003.11.25"]
[SourceVersion "1"]
[SourceVersionDate "2003.11.25"]
[SourceQuality "1"]
[WhiteTeam "Katernberg II"]
[BlackTeam "Gelsenkirchen"]
[WhiteTeamCountry "GER"]
[BlackTeamCountry "GER"]

1. d4 Nf6 2. Nf3 g6 3. g3 Bg7 4. Bg2 0-0 5. 0-0 d6 6. c4 Nbd7 7. d5 Nc5 8. Nc3 a5 9. Nd4 e5 10. dxe6 fxe6 11. Ndb5 Qe7 12. e4 Ne8 13. Be3 Nd7 14. f4 c6 15. Nd4 e5 16. Nf3 Ndf6 1/2-1/2

[Event "Oberliga NRW 0203 II"]
[Site "Germany"]
[Date "2002.12.08"]
[Round "3.8"]
[White "Rottstaedt, Werner"]
[Black "Kulik, David"]
[Result "1-0"]
[WhiteElo "2260"]
[BlackElo "2132"]
[PlyCount "71"]
[EventDate "2002.10.06"]
[EventType "team-tourn"]
[EventRounds "9"]
[EventCountry "GER"]
[SourceTitle "EXT 2004"]
[Source "ChessBase"]
[SourceDate "2003.11.25"]
[SourceVersion "1"]
[SourceVersionDate "2003.11.25"]
[SourceQuality "1"]
[WhiteTeam "Katernberg II"]
[BlackTeam "Plettenberg"]
[WhiteTeamCountry "GER"]
[BlackTeamCountry "GER"]

1. d4 d5 2. Nf3 Nf6 3. c3 c6 4. Bf4 Bf5 5. Nbd2 e6 6. e3 Bd6 7. Ne5 Qc7 8. g4 Bg6 9. h4 Ne4 10. f3 Nxd2 11. Qxd2 f6 12. Nxg6 hxg6 13. Bd3 g5 14. Bg6+ Ke7 15. Bxd6+ Qxd6 16. Qf2 Nd7 17. 0-0-0 Rh6 18. h5 e5 19. Rhe1 Rhh8 20. e4 Rad8 21. Kb1 b5 22. exd5 cxd5 23. dxe5 Nxe5 24. Qxa7+ Rd7 25. Qe3 Ra8 26. f4 gxf4 27. Qxf4 Kd8 28. Bc2 Qc6 29. Bb3 Kc7 30. g5 Kb7 31. h6 Nc4 32. hxg7 fxg5 33. Qxg5 Rg8 34. Re7 Rxe7 35. Qxe7+ Kb6 36. Qf7 1-0

[Event "Oberliga NRW 0203 II"]
[Site "Germany"]
[Date "2002.11.10"]
[Round "2.8"]
[White "Duesterwald, Marc"]
[Black "Rottstaedt, Werner"]
[Result "1-0"]
[WhiteElo "2225"]
[BlackElo "2260"]
[PlyCount "55"]
[EventDate "2002.10.06"]
[EventType "team-tourn"]
[EventRounds "9"]
[EventCountry "GER"]
[SourceTitle "EXT 2004"]
[Source "ChessBase"]
[SourceDate "2003.11.25"]
[SourceVersion "1"]
[SourceVersionDate "2003.11.25"]
[SourceQuality "1"]
[WhiteTeam "Aachen"]
[BlackTeam "Katernberg II"]
[WhiteTeamCountry "GER"]
[BlackTeamCountry "GER"]

1. d4 d5 2. c4 c6 3. Nf3 Nf6 4. Nc3 e6 5. Bg5 dxc4 6. e4 b5 7. a4 Bb4 8. e5 h6 9. exf6 hxg5 10. fxg7 Rg8 11. h4 Rxg7 12. hxg5 Nd7 13. Be2 Bb7 14. Qc2 Qb6 15. Rh7 Rg8 16. Rxf7 Kxf7 17. Qh7+ Rg7 18. Ne5+ Nxe5 19. Bh5+ Kf8 20. Qh8+ Ke7 21. Qxg7+ Nf7 22. Qf6+ Kd6 23. Bxf7 Qd8 24. Qe5+ Ke7 25. Bxe6 Qh8 26. Qc7+ Kxe6 27. 0-0-0 Bxc3 28. bxc3 1-0

[Event "Ruhrgebiet Regionalliga 0001"]
[Site "Ruhrgebiet"]
[Date "2001.04.22"]
[Round "9"]
[White "Busche, Klaus"]
[Black "Rottstaedt, Werner"]
[Result "0-1"]
[WhiteElo "2004"]
[BlackElo "2137"]
[PlyCount "146"]
[EventDate "2000.09.17"]
[EventType "team-tourn"]
[EventRounds "11"]
[EventCountry "GER"]
[SourceTitle "EXT 2024"]
[Source "ChessBase"]
[SourceDate "2023.10.10"]
[SourceVersion "1"]
[SourceVersionDate "2023.10.10"]
[SourceQuality "1"]
[WhiteTeam "Ahlen SV"]
[BlackTeam "Katernberg SF II"]
[WhiteTeamCountry "GER"]
[BlackTeamCountry "GER"]

1. e4 g6 2. d4 Bg7 3. Nc3 d6 4. Be3 Nf6 5. h3 c6 6. a4 0-0 7. Nf3 a5 8. Qd2 Na6 9. Be2 Nb4 10. 0-0 Qc7 11. Rad1 Re8 12. Rfe1 e5 13. dxe5 dxe5 14. Bc4 Be6 15. Bxe6 Rxe6 16. Bg5 Bf8 17. Re2 Nh5 18. Qd7 Qxd7 19. Rxd7 f6 20. Be3 Re7 21. Rd1 Nf4 22. Red2 Ne6 23. Ne1 Kf7 24. Kf1 f5 25. f3 Bg7 26. Bf2 Bf6 27. Rd7 Nd4 28. Rxe7+ Kxe7 29. exf5 gxf5 30. Bxd4 exd4 31. Ne2 Rd8 32. Nf4 Nd5 33. Nxd5+ Rxd5 34. Nd3 b5 35. axb5 cxb5 36. b3 Rd8 37. Ke2 Rc8 38. Kd2 h5 39. Kc1 h4 40. Kb2 Rg8 41. Rd2 Kd6 42. Re2 Rg7 43. Ka2 Rg8 44. Ne1 Rg7 45. Nd3 Rg8 46. Nf4 Be5 47. Nd3 Bf6 48. f4 Rg3 49. Kb1 Rg8 50. Kc1 Rg7 51. Kd1 a4 52. bxa4 bxa4 53. Kc1 Rb7 54. Re8 Rg7 55. Ra8 Rxg2 56. Rxa4 Rg1+ 57. Kb2 Rh1 58. Ra5 Ke6 59. Nc5+ Kf7 60. Nd3 Kg6 61. Ne5+ Bxe5 62. Rxe5 Rxh3 63. Rd5 Rf3 64. Rxd4 h3 65. c4 h2 66. Rd1 Rxf4 67. Kb3 Rh4 68. Rh1 Kg5 69. c5 Kg4 70. c6 Kg3 71. c7 Rh8 72. Rc1 f4 73. Kb4 Rc8 0-1

[Event "Ruhrgebiet Daehne Cup"]
[Site "Ruhrgebiet"]
[Date "2001.02.17"]
[Round "1"]
[White "Rottstaedt, Werner"]
[Black "Strozewski, Frank"]
[Result "1/2-1/2"]
[WhiteElo "2133"]
[BlackElo "2028"]
[PlyCount "149"]
[EventDate "2002.02.17"]
[EventType "k.o."]
[EventRounds "4"]
[EventCountry "GER"]
[SourceTitle "EXT 2024"]
[Source "ChessBase"]
[SourceDate "2023.10.10"]
[SourceVersion "1"]
[SourceVersionDate "2023.10.10"]
[SourceQuality "1"]

1. d4 d6 2. Nf3 g6 3. g3 Bg7 4. Bg2 Nc6 5. d5 Ne5 6. Nd4 Nh6 7. 0-0 0-0 8. Nc3 Bd7 9. a4 c5 10. Nb3 Qc8 11. Bg5 f6 12. Bc1 a6 13. a5 Nhf7 14. Na4 Nc4 15. Nd2 Nfe5 16. b3 b5 17. axb6 Nxd2 18. Bxd2 f5 19. Rb1 Rb8 20. e4 c4 21. Be3 Bb5 22. Re1 cxb3 23. cxb3 f4 24. gxf4 Nd3 25. Re2 Nxf4 26. Rc2 Qe8 27. Bxf4 Rxf4 28. Rbc1 Rf8 29. Rc7 Qf7 30. Qg4 Bd4 31. Qe6 Qxe6 32. dxe6 Bxa4 33. bxa4 Rxb6 34. Rxe7 Rb2 35. Rf1 Ra2 36. Rd7 Bc5 37. Bh3 Rxa4 38. e7 Re8 39. Be6+ Kg7 40. Bd5 Kf6 41. Rb1 Rxe7 42. Rxe7 Kxe7 43. Rb7+ Kf6 44. Rxh7 Rb4 45. Kg2 Rb2 46. Rf7+ Ke5 47. Kg3 a5 48. f4+ Kd4 49. Rb7 Re2 50. Rb5 a4 51. Ra5 a3 52. Ra4+ Kc3 53. e5 Rd2 54. Bf7 d5 55. Ra5 Kb4 56. Ra8 Bb6 57. Kf3 a2 58. Bxd5 Rxd5 59. Rxa2 Rd3+ 60. Kg4 Bd8 61. Rc2 Rd4 62. h4 Kb5 63. Rf2 Kc6 64. h5 gxh5+ 65. Kxh5 Kd5 66. Kg6 Ke6 67. Rf1 Bh4 68. Rf3 Rd8 69. f5+ Kxe5 70. Re3+ Kf4 71. Ra3 Rd6+ 72. Kf7 Rf6+ 73. Kg7 Rxf5 74. Ra4+ Kg5 75. Ra2 1/2-1/2